000 00414nam a2200157 4500
001 117579
003 ES-MaACL
005 20230906190931.0
007 t|
008 070214s1933 it r ||||1| ita d
100 1 _aPanzini, Alfredo.
_988834
245 1 0 _aRose d'ogni mese (Aprile) /
_cAlfredo Panzini.
260 _aVerona :
_bA. Mondadori,
_c1933.
300 _a204 p. ;
_c19 cm.
852 _aES-MaACL
_jA-2000
999 _c117579
_d117579